000 00240nam a2200097Ia 4500
001 725730
005 20250826163415.0
008 250824s9999 xx 000 0 und d
245 0 _aYENİ GÜN YENİ UMUT
_cMEHMET FİDAN
260 _bATLI KARINCA
999 _c725730
_d725730